000 00279nam a2200121Ia 4500
008 190216s9999||||xx |||||||||||||| ||und||
100 _aWichman H Egvind
245 0 _aQuantum Physics
260 _bTata Mcgrawhill Publishers
300 _a423
650 _aPhysics
942 _cBK
999 _c34355
_d34355